000 00721nam a2200181 a 4500
001 000999695
003 AM-YeHGA
005 20250617150429.0
008 140129s1922 ru r 000 0 rus d
040 _aAM-YeHGA
041 0 _arus
245 0 0 _aТерминологический словарь частных актов Московского государства /
_cРос. акад. наук ; Под ред. и с предисл. А. И. Андреева.
260 _aПетроград :
_bРос. акад. наук,
_c1922.
300 _a34 с.
650 1 4 _aТерминологические словари
700 1 _aАндреев, А. И.
_eред.
_eпредисл.
_4edt
_4aui
090 _c332632
999 _c330870
_d330870